Normal view MARC view
  • Geography

Entry Topical Term

Number of records used in: 1

001 - CONTROL NUMBER

  • control field: 63189

003 - CONTROL NUMBER IDENTIFIER

  • control field: OSt

005 - DATE AND TIME OF LATEST TRANSACTION

  • control field: 20220806110612.0

008 - FIXED-LENGTH DATA ELEMENTS

  • fixed length control field: 220806|| aca||aabn | a|a d

040 ## - CATALOGING SOURCE

  • Original cataloging agency: OSt
  • Transcribing agency: OSt

150 ## - HEADING--TOPICAL TERM

  • Topical term or geographic name entry element: Geography

670 ## - SOURCE DATA FOUND

  • Source citation: Work cat.: (OSt)35908: सवदी ए.बी कोळेकर पी .एस. 63188, हवामानशास्‍त्र व सागरशास्‍त्रची मूलतत्‍वे, 2014